000 01305cam a22002174a 4500
005 20250605164237.0
008 250528s ||||||||||||||||||||||||d
035 _a21191
020 _a9780195099171
040 _aGR-AtMCL
_bgre
_dGR-AtMCL
_eAACR2
245 1 _aCompeting by Design / The Power of Organizational Architecture
260 _bOxford University Press,
_c1997
300 _a242
505 0 _aA Blueprint for Change, Mapping the Organizational Terrain, The Principles of Design, The Crucial Design Issues, Choosing a Basic Structure - Strategic Groups, Coordinating Work - Strategic Linking, Designing at the Enterprise Level, Designing at the Operational Level, A Process for Design, Implementing New Designs, Kowning When to Redesign, The Lessons of Design, Index.
520 _aA Blueprint for Change, Mapping the Organizational Terrain, The Principles of Design, The Crucial Design Issues, Choosing a Basic Structure - Strategic Groups, Coordinating Work - Strategic Linking, Designing at the Enterprise Level, Designing at the Operational Level, A Process for Design, Implementing New Designs, Kowning When to Redesign, The Lessons of Design, Index.
700 1 _aNadler David A
_92749
700 1 _aTushman Michael L
_97218
942 _cBK
999 _c6259
_d6259